| Tag |
First Indicator |
Second Indicator |
Subfields |
| LEADER |
00000cam a2200000 a 4500 |
| 001 |
in00001402399 |
| 005 |
20151020055345.0 |
| 008 |
951102s1996 enk b 001 0 eng |
| 010 |
|
|
|a 95047677
|
| 015 |
|
|
|a GB96-14878
|
| 019 |
|
|
|a 34322625
|
| 020 |
|
|
|a 185285099X (alk. paper)
|
| 035 |
|
|
|a (OCoLC)33817731
|
| 035 |
|
|
|9 AHN4268AM
|
| 040 |
|
|
|a DLC
|c DLC
|d TXA
|d UtOrBLW
|
| 043 |
|
|
|a e-uk---
|
| 049 |
|
|
|a TXAM
|
| 050 |
0 |
0 |
|a D546
|b .S84 1996
|
| 082 |
0 |
0 |
|a 940.4/0941
|2 20
|
| 245 |
0 |
0 |
|a Strategy and intelligence :
|b British policy during the First World War /
|c edited by Michael Dockrill and David French.
|
| 264 |
|
1 |
|a London ;
|a Rio Grande, Ohio :
|b Hambledon Press,
|c 1996.
|
| 300 |
|
|
|a xxii, 207 pages ;
|c 24 cm.
|
| 336 |
|
|
|a text
|b txt
|2 rdacontent
|
| 337 |
|
|
|a unmediated
|b n
|2 rdamedia
|
| 338 |
|
|
|a volume
|b nc
|2 rdacarrier
|
| 504 |
|
|
|a Includes bibliographical references and index.
|
| 650 |
|
0 |
|a World War, 1914-1918
|z Great Britain.
|
| 651 |
|
0 |
|a Great Britain
|x Military policy.
|
| 650 |
|
0 |
|a World War, 1914-1918
|x Military intelligence
|z Great Britain.
|
| 651 |
|
0 |
|a Great Britain
|x Relations
|z Foreign countries.
|
| 651 |
|
0 |
|a Great Britain
|x Politics and government
|y 1910-1936.
|
| 651 |
|
4 |
|a Great Britain
|x Military policy.
|
| 651 |
|
4 |
|a Great Britain
|x Relations
|z Foreign countries.
|
| 651 |
|
4 |
|a Great Britain
|x Politics and government
|y 1910-1936.
|
| 700 |
1 |
|
|a Dockrill, M. L.
|q (Michael L.)
|
| 700 |
1 |
|
|a French, David,
|d 1954-
|
| 948 |
|
|
|a c:dm
|
| 999 |
|
|
|a MARS
|
| 999 |
f |
f |
|s 2064be5b-d9fd-374c-8685-6fc83bde700b
|i fdd155e9-603c-3c70-86de-dfa659cdec0c
|t 0
|
| 952 |
f |
f |
|p ric
|a Texas A&M University
|b Rellis Campus
|c Joint Library Facility
|d Remote Storage
|t 0
|e D546 .S84 1996
|h Library of Congress classification
|i unmediated -- volume
|m A14823487189
|
| 998 |
f |
f |
|a D546 .S84 1996
|t 0
|l Remote Storage
|